[Event "BCF-chT 0607 (4NCL)"]
[Site "Sunningdale"]
[Date "2007.05.05"]
[Round "9.8"]
[White "Tan, Desmond"]
[Black "Walton, Alan J"]
[Result "1-0"]
[WhiteElo "2322"]
[BlackElo "2238"]
[PlyCount "51"]
[EventDate "2006.09.16"]
[EventType "team"]
[EventRounds "11"]
[EventCountry "ENG"]
[SourceTitle "EXT 2008"]
[Source "ChessBase"]
[SourceDate "2007.11.25"]
[SourceVersion "1"]
[SourceVersionDate "2007.11.25"]
[SourceQuality "1"]
[WhiteTeam "Wood Green"]
[BlackTeam "3CS Oldham"]
[WhiteTeamCountry "ENG"]
[BlackTeamCountry "ENG"]

1. e4 e6 2. d4 d5 3. Nc3 Nf6 4. Bg5 dxe4 5. Nxe4 Be7 6. Nxf6+ gxf6 7. Be3 a6 8. Be2 Bd7 9. d5 exd5 10. Qxd5 Bc6 11. Qxd8+ Bxd8 12. Bf3 Rg8 13. Bf4 f5 14. g3 Rg6 15. 0-0-0 Nd7 16. Bxc6 Rxc6 17. Nf3 Nf6 18. Rhe1+ Kf8 19. Re5 Ng4 20. Rxf5 Nxf2 21. Rd7 Bf6 22. Ne5 Rd6 23. Rxd6 cxd6 24. Rxf6 Ne4 25. Rxf7+ Kg8 26. Rxb7 1-0

[Event "BCF-chT 0607 (4NCL)"]
[Site "Sunningdale"]
[Date "2006.09.16"]
[Round "1.5"]
[White "Tan, Desmond"]
[Black "Webb, Laurence"]
[Result "1/2-1/2"]
[WhiteElo "2334"]
[BlackElo "2321"]
[PlyCount "63"]
[EventDate "2006.09.16"]
[EventType "team"]
[EventRounds "11"]
[EventCountry "ENG"]
[SourceTitle "EXT 2008"]
[Source "ChessBase"]
[SourceDate "2007.11.25"]
[SourceVersion "1"]
[SourceVersionDate "2007.11.25"]
[SourceQuality "1"]
[WhiteTeam "Wood Green"]
[BlackTeam "Betsson.com"]
[WhiteTeamCountry "ENG"]
[BlackTeamCountry "ENG"]

1. e4 e6 2. d4 d5 3. Nc3 Bb4 4. e5 c5 5. Bd2 Nh6 6. Bd3 cxd4 7. Nb5 Bxd2+ 8. Qxd2 0-0 9. Nf3 Nc6 10. Nbxd4 f6 11. Nxc6 bxc6 12. Qc3 Ng4 13. 0-0 fxe5 14. Nxe5 Nxe5 15. Qxe5 Qf6 16. Rae1 Qxe5 17. Rxe5 Rb8 18. b3 Rf6 19. f4 Rb6 20. g3 a5 21. a4 Ba6 22. Bxa6 Rxa6 23. Kf2 Kf7 24. Ke3 c5 25. Kd3 Rf5 26. Rfe1 Rxe5 27. Rxe5 Rb6 28. Kd2 Kf6 29. c4 Rxb3 30. cxd5 exd5 31. Rxd5 Ra3 32. Rxc5 1/2-1/2

[Event "BCF-chT2 0506 (4NCL)"]
[Site "Birmingham"]
[Date "2006.05.01"]
[Round "11.6"]
[White "Amarawickrama, Himanshu Akhila"]
[Black "Tan, Desmond"]
[Result "0-1"]
[WhiteElo "2205"]
[BlackElo "2323"]
[PlyCount "92"]
[EventDate "2005.10.22"]
[EventType "team"]
[EventRounds "11"]
[EventCountry "ENG"]
[SourceTitle "EXT 2007"]
[Source "ChessBase"]
[SourceDate "2006.11.23"]
[SourceVersion "1"]
[SourceVersionDate "2006.11.23"]
[SourceQuality "1"]
[WhiteTeam "Bristol"]
[BlackTeam "Wood Green III"]
[WhiteTeamCountry "ENG"]
[BlackTeamCountry "ENG"]

1. d4 Nf6 2. c4 e6 3. Nc3 Bb4 4. e3 b6 5. Bd3 Bb7 6. f3 Nh5 7. Qe2 Qh4+ 8. Qf2 Bxc3+ 9. bxc3 Qxf2+ 10. Kxf2 f5 11. Ne2 Nf6 12. Ba3 Ba6 13. Rhd1 Nc6 14. c5 Bxd3 15. Rxd3 bxc5 16. Bxc5 d6 17. Ba3 Na5 18. Rb1 Nc4 19. Bc1 a5 20. Ng3 d5 21. Nf1 0-0 22. Nd2 Ne4+ 23. Ke2 Nexd2 24. Bxd2 Rfb8 25. Rxb8+ Rxb8 26. Bc1 Rb1 27. Rd1 Ra1 28. a3 Ra2+ 29. Kf1 Rc2 30. e4 fxe4 31. fxe4 dxe4 32. Re1 Rxc3 33. Bf4 e3 34. a4 c6 35. Bc7 Rd3 36. Rc1 Rxd4 37. Ke2 Kf7 38. g3 e5 39. h4 Ke6 40. Bb8 Kd5 41. Ba7 c5 42. Rb1 Rd2+ 43. Ke1 Rh2 44. Rb5 Ke4 45. Rxc5 Kf3 46. Kd1 e2+ 0-1

[Event "BCF-chT2 0405 (4NCL)"]
[Site "West Bromwich"]
[Date "2005.05.01"]
[Round "10.3"]
[White "Cox, John J"]
[Black "Tan, Desmond"]
[Result "1/2-1/2"]
[WhiteElo "2322"]
[BlackElo "2332"]
[PlyCount "47"]
[EventDate "2004.09.18"]
[EventType "team"]
[EventRounds "11"]
[EventCountry "ENG"]
[SourceTitle "EXT 2006"]
[Source "ChessBase"]
[SourceDate "2005.11.24"]
[SourceVersion "1"]
[SourceVersionDate "2005.11.24"]
[SourceQuality "1"]
[WhiteTeam "Barbican II"]
[BlackTeam "Wood Green III"]
[WhiteTeamCountry "ENG"]
[BlackTeamCountry "ENG"]

1. d4 Nf6 2. c4 e6 3. Nf3 b6 4. e3 Bb7 5. Bd3 Ne4 6. 0-0 Bd6 7. Bxe4 Bxe4 8. Nc3 Bb7 9. e4 Bb4 10. Bd2 0-0 11. Re1 d6 12. Rc1 Nd7 13. a3 Bxc3 14. Rxc3 e5 15. Qc2 Qf6 16. d5 Qe7 17. b4 a5 18. Be3 axb4 19. axb4 Rfc8 20. c5 bxc5 21. bxc5 c6 22. Rc1 dxc5 23. Bxc5 Qe8 24. dxc6 1/2-1/2

[Event "BCF-chT2 0405 (4NCL)"]
[Site "West Bromwich"]
[Date "2005.04.09"]
[Round "7.3"]
[White "Tan, Desmond"]
[Black "Prie, Eric"]
[Result "0-1"]
[WhiteElo "2332"]
[BlackElo "2447"]
[PlyCount "72"]
[EventDate "2004.09.18"]
[EventType "team"]
[EventRounds "11"]
[EventCountry "ENG"]
[SourceTitle "EXT 2006"]
[Source "ChessBase"]
[SourceDate "2005.11.24"]
[SourceVersion "1"]
[SourceVersionDate "2005.11.24"]
[SourceQuality "1"]
[WhiteTeam "Wood Green III"]
[BlackTeam "Hilsmark Kingfisher"]
[WhiteTeamCountry "ENG"]
[BlackTeamCountry "ENG"]

1. e4 d5 2. exd5 Qxd5 3. Nc3 Qa5 4. d4 Nf6 5. Nf3 Bf5 6. Bc4 c6 7. Bd2 e6 8. Ne4 Qb6 9. Nxf6+ gxf6 10. Bb3 a5 11. a4 Na6 12. h3 Rg8 13. Nh4 Be4 14. Be3 0-0-0 15. 0-0 Qc7 16. f3 Bg6 17. Nxg6 hxg6 18. Qe2 Nb4 19. Bf2 Rh8 20. Rfd1 Rh5 21. c4 Bd6 22. Kf1 Bg3 23. Bg1 Bf4 24. Bf2 Kb8 25. Bg1 Rd7 26. Bf2 Rh8 27. Qe1 Rhd8 28. g3 Bh6 29. c5 f5 30. Kg2 Bg7 31. Qc3 e5 32. dxe5 Bxe5 33. Rxd7 Rxd7 34. Qe1 Nd3 35. Qe2 Nxf2 36. Qxf2 Bxg3 0-1

[Event "Bad Woerishofen op 21st"]
[Site "Bad Woerishofen"]
[Date "2005.03.07"]
[Round "5"]
[White "Tan, Desmond"]
[Black "Poulsen, Martin"]
[Result "0-1"]
[WhiteElo "2090"]
[BlackElo "2285"]
[PlyCount "80"]
[EventDate "2005.03.03"]
[EventType "swiss"]
[EventRounds "9"]
[EventCountry "GER"]
[SourceTitle "EXT 2006"]
[Source "ChessBase"]
[SourceDate "2005.11.24"]
[SourceVersion "1"]
[SourceVersionDate "2005.11.24"]
[SourceQuality "1"]

1. e4 e5 2. Nf3 Nf6 3. Nc3 Nc6 4. Bb5 Bb4 5. 0-0 0-0 6. Re1 d6 7. h3 Ne7 8. a3 Bxc3 9. bxc3 c6 10. Ba4 d5 11. Nxe5 Nxe4 12. Bb3 Qd6 13. d4 Ng6 14. Nxg6 Qxg6 15. Qf3 Bf5 16. c4 dxc4 17. Bxc4 Nd6 18. Bd3 Bxd3 19. Qxd3 Qxd3 20. cxd3 Rfe8 21. Bf4 Nb5 22. Rxe8+ Rxe8 23. Be3 a6 24. a4 Nc3 25. a5 f6 26. Kf1 Kf7 27. Rc1 Nb5 28. Rc5 Rd8 29. Rc4 Rd5 30. Ke2 Nc7 31. Bd2 Rb5 32. Rb4 Ke6 33. g4 Kd5 34. Ke3 Ke6 35. Ke4 Nd5 36. Rc4 Rb2 37. Be3 g6 38. Rc1 Ra2 39. Rc5 Ra3 40. Bd2 f5+ 0-1

[Event "BCF-chT2 0405 (4NCL)"]
[Site "West Bromwich"]
[Date "2004.11.20"]
[Round "3.2"]
[White "Tan, Desmond"]
[Black "Hynes, Anthony"]
[Result "1-0"]
[WhiteElo "2332"]
[BlackElo "2247"]
[PlyCount "99"]
[EventDate "2004.09.18"]
[EventType "team"]
[EventRounds "11"]
[EventCountry "ENG"]
[SourceTitle "EXT 2006"]
[Source "ChessBase"]
[SourceDate "2005.11.24"]
[SourceVersion "1"]
[SourceVersionDate "2005.11.24"]
[SourceQuality "1"]
[WhiteTeam "Wood Green III"]
[BlackTeam "Warwicks Select"]
[WhiteTeamCountry "ENG"]
[BlackTeamCountry "ENG"]

1. e4 e5 2. Nf3 Nc6 3. Bb5 f5 4. Nc3 fxe4 5. Nxe4 d5 6. Nxe5 dxe4 7. Nxc6 Qg5 8. Qe2 Nf6 9. f4 Qh4+ 10. g3 Qh3 11. Ne5+ c6 12. Bc4 Bc5 13. c3 Bf5 14. d4 exd3 15. Nxd3+ Be7 16. Bd2 0-0-0 17. 0-0-0 Ne4 18. Nf2 Nxf2 19. Qxf2 b6 20. Rhe1 Bf6 21. Be3 Kc7 22. Bd4 Qh6 23. a4 c5 24. Bxc5 Bxc3 25. bxc3 Qc6 26. Bb5 Rxd1+ 27. Rxd1 Qxc5 28. Qxc5+ bxc5 29. Rd5 g6 30. Rxc5+ Kd6 31. Rc6+ Kd5 32. Kd2 Rd8 33. Ke3 Re8+ 34. Kf2 Re7 35. Rc4 h5 36. Rd4+ Kc5 37. Rd8 Kb6 38. Rd5 Bc2 39. a5+ Kb7 40. Rd6 Be4 41. c4 Bf5 42. c5 Kc7 43. a6 Be4 44. Rf6 Kd8 45. h3 Kc7 46. g4 hxg4 47. hxg4 Rh7 48. Ke3 Bb1 49. Kd4 Re7 50. Bd3 1-0

[Event "BCF-chT2 0405 (4NCL)"]
[Site "West Bromwich"]
[Date "2004.09.18"]
[Round "1.2"]
[White "Tan, Desmond"]
[Black "Bareham, David C"]
[Result "1-0"]
[WhiteElo "2335"]
[BlackElo "2115"]
[PlyCount "53"]
[EventDate "2004.09.18"]
[EventType "team"]
[EventRounds "11"]
[EventCountry "ENG"]
[SourceTitle "EXT 2006"]
[Source "ChessBase"]
[SourceDate "2005.11.24"]
[SourceVersion "1"]
[SourceVersionDate "2005.11.24"]
[SourceQuality "1"]
[WhiteTeam "Wood Green III"]
[BlackTeam "Bristol II"]
[WhiteTeamCountry "ENG"]
[BlackTeamCountry "ENG"]

1. e4 c5 2. Nc3 Nc6 3. Bb5 Nd4 4. Bc4 e6 5. Nf3 Nf6 6. 0-0 a6 7. d3 b5 8. Bb3 Nxb3 9. axb3 Bb7 10. e5 Nd5 11. Ne4 f5 12. exf6 Nxf6 13. Nfg5 Be7 14. Qf3 Bxe4 15. dxe4 0-0 16. Qe2 Qc7 17. c4 h6 18. Nh3 d5 19. Nf4 Bd6 20. Nxe6 Bxh2+ 21. Kh1 Qe5 22. Nxf8 Nxe4 23. Qd1 d4 24. Ng6 Qd6 25. Qh5 Bg3 26. Qd5+ Qxd5 27. Ne7+ 1-0

[Event "GBR-ch"]
[Site "Scarborough"]
[Date "2004.08.13"]
[Round "11"]
[White "Gregory, Stephen J"]
[Black "Tan, Desmond"]
[Result "0-1"]
[WhiteElo "2180"]
[BlackElo "2335"]
[PlyCount "94"]
[EventDate "2004.08.02"]
[EventType "swiss"]
[EventRounds "11"]
[EventCountry "ENG"]
[SourceTitle "CBM 101 Extra"]
[Source "ChessBase"]
[SourceDate "2004.09.01"]
[SourceVersion "2"]
[SourceVersionDate "2004.09.01"]
[SourceQuality "1"]

1. e4 c5 2. Nf3 d6 3. d4 cxd4 4. Qxd4 a6 5. Bc4 Nc6 6. Qd2 Nf6 7. Nc3 Bg4 8. Nd4 g6 9. h3 Bd7 10. Nxc6 Bxc6 11. Qf4 Bg7 12. 0-0 0-0 13. Qh4 Rc8 14. Bb3 b5 15. Bg5 Qb6 16. Rad1 Qb7 17. Rfe1 a5 18. Bd5 Bxd5 19. Nxd5 Nxd5 20. exd5 f6 21. Bd2 Rc4 22. Qg3 Rxc2 23. Qb3 Rc4 24. Bxa5 f5 25. Bd2 f4 26. Bc3 Bxc3 27. bxc3 Rfc8 28. Rd3 R8c5 29. Kh2 Kf8 30. Qd1 Qd7 31. Rf3 Qf5 32. Qe2 Qf6 33. Qd2 g5 34. Re6 Qf5 35. Qe1 Rc7 36. Qd2 h5 37. Rd3 g4 38. g3 gxh3 39. Rf3 fxg3+ 40. Rxg3 Rf4 41. Re2 Rcc4 42. Qe3 Rce4 43. Qb6 Kf7 44. Rd2 h4 45. Rxh3 Rf3 46. Rxf3 Qxf3 47. Rd4 Qxf2+ 0-1

[Event "GBR-ch"]
[Site "Scarborough"]
[Date "2004.08.12"]
[Round "10"]
[White "Tan, Desmond"]
[Black "Ashton, Adam"]
[Result "1/2-1/2"]
[WhiteElo "2335"]
[BlackElo "2270"]
[PlyCount "34"]
[EventDate "2004.08.02"]
[EventType "swiss"]
[EventRounds "11"]
[EventCountry "ENG"]
[SourceTitle "CBM 101 Extra"]
[Source "ChessBase"]
[SourceDate "2004.09.01"]
[SourceVersion "2"]
[SourceVersionDate "2004.09.01"]
[SourceQuality "1"]

1. e4 e5 2. Nf3 Nc6 3. Bb5 a6 4. Ba4 Nf6 5. 0-0 Be7 6. Re1 b5 7. Bb3 d6 8. c3 0-0 9. d3 Na5 10. Bc2 c5 11. Nbd2 Re8 12. Nf1 Bb7 13. Ng3 Bf8 14. a3 h6 15. d4 cxd4 16. cxd4 d5 17. Nxe5 dxe4 1/2-1/2

[Event "GBR-ch"]
[Site "Scarborough"]
[Date "2004.08.02"]
[Round "1"]
[White "Smith, Graham M"]
[Black "Tan, Desmond"]
[Result "0-1"]
[WhiteElo "2157"]
[BlackElo "2335"]
[PlyCount "72"]
[EventDate "2004.08.02"]
[EventType "swiss"]
[EventRounds "11"]
[EventCountry "ENG"]
[SourceTitle "CBM 101 Extra"]
[Source "ChessBase"]
[SourceDate "2004.09.01"]
[SourceVersion "2"]
[SourceVersionDate "2004.09.01"]
[SourceQuality "1"]

1. e4 c5 2. f4 Nc6 3. Nf3 g6 4. Bb5 Nd4 5. Bc4 Bg7 6. c3 Nxf3+ 7. Qxf3 e6 8. 0-0 Ne7 9. d3 d5 10. Bb5+ Bd7 11. Bxd7+ Qxd7 12. Be3 d4 13. Bf2 0-0 14. c4 e5 15. Bh4 exf4 16. Qxf4 Nc6 17. Bf6 Bxf6 18. Qxf6 Nb4 19. Nd2 Nxd3 20. b3 Qd8 21. Qf3 Ne5 22. Qg3 f6 23. Nf3 Nxf3+ 24. gxf3 f5 25. Qe5 b6 26. Qd5+ Kg7 27. Rae1 fxe4 28. fxe4 Qe7 29. e5 Rad8 30. Qe4 Rxf1+ 31. Rxf1 d3 32. Rd1 Qd7 33. e6 Qd4+ 34. Qxd4+ Rxd4 35. e7 Kf7 36. Re1 Ke8 0-1

[Event "Montpellier op"]
[Site "Montpellier"]
[Date "2004.07.12"]
[Round "8"]
[White "Tan, Desmond"]
[Black "Helstroffer, Arnaud"]
[Result "1/2-1/2"]
[WhiteElo "2335"]
[BlackElo "2192"]
[PlyCount "82"]
[EventDate "2004.07.05"]
[EventType "swiss"]
[EventRounds "9"]
[EventCountry "FRA"]
[SourceTitle "CBM 101 Extra"]
[Source "ChessBase"]
[SourceDate "2004.09.01"]
[SourceVersion "2"]
[SourceVersionDate "2004.09.01"]
[SourceQuality "1"]

1. e4 e6 2. d4 d5 3. Nc3 Nf6 4. Bg5 Bb4 5. e5 h6 6. Bd2 Bxc3 7. bxc3 Ne4 8. Qg4 g6 9. Bd3 Nxd2 10. Kxd2 c5 11. Nf3 Nc6 12. h4 cxd4 13. cxd4 Qa5+ 14. c3 b6 15. Qf4 Ba6 16. Qe3 Rc8 17. Rhc1 Bxd3 18. Qxd3 Qa3 19. Ke1 0-0 20. h5 Kg7 21. Kf1 Rc7 22. Nd2 f5 23. exf6+ Rxf6 24. hxg6 Rxg6 25. Nf3 Qd6 26. Qe3 Rg4 27. Re1 Re4 28. Qd3 Qf4 29. Nd2 Rxe1+ 30. Rxe1 Rf7 31. Nf3 Rf6 32. Qb5 Qc7 33. Kg1 Qd7 34. Re3 Ne5 35. Qe2 Nxf3+ 36. Rxf3 Rxf3 37. Qxf3 Qa4 38. Qg4+ Kf7 39. Qf4+ Kg7 40. Qg4+ Kf7 41. Qf4+ Kg7 1/2-1/2

[Event "BCF-chT 0304 (4NCL)"]
[Site "West Bromwich"]
[Date "2004.05.22"]
[Round "10.7"]
[White "Tan, Desmond"]
[Black "Baruch, Andrew JD"]
[Result "1-0"]
[WhiteElo "2332"]
[BlackElo "2106"]
[PlyCount "67"]
[EventDate "2003.10.18"]
[EventType "team"]
[EventRounds "11"]
[EventCountry "ENG"]
[SourceTitle "EXT 2005"]
[Source "ChessBase"]
[SourceDate "2004.11.15"]
[SourceVersion "1"]
[SourceVersionDate "2004.11.15"]
[SourceQuality "1"]
[WhiteTeam "Wood Green II"]
[BlackTeam "Warwicks Select"]
[WhiteTeamCountry "ENG"]
[BlackTeamCountry "ENG"]

1. e4 Nf6 2. e5 Nd5 3. d4 d6 4. c4 Nb6 5. exd6 cxd6 6. Nc3 g6 7. Be3 Bg7 8. Rc1 0-0 9. b3 e6 10. Nf3 Bd7 11. Be2 a5 12. 0-0 Na6 13. Bf4 Nc8 14. Qd2 f5 15. Rfd1 Be8 16. h4 Kh8 17. Bf1 a4 18. bxa4 Nc7 19. Nb5 Rxa4 20. Nxc7 Qxc7 21. c5 Qd8 22. cxd6 Nxd6 23. Be5 Kg8 24. Bxg7 Kxg7 25. d5 Qf6 26. dxe6 Ne4 27. Rc7+ Bf7 28. Qd7 Qb2 29. Qxa4 Qxf2+ 30. Kh1 Kh6 31. Qd4 Ng3+ 32. Kh2 Nxf1+ 33. Rxf1 Qxf1 34. Rxf7 1-0

[Event "BCF-chT 0304 (4NCL)"]
[Site "West Bromwich"]
[Date "2004.05.03"]
[Round "9.7"]
[White "Hague, Ben"]
[Black "Tan, Desmond"]
[Result "1/2-1/2"]
[WhiteElo "2227"]
[BlackElo "2332"]
[PlyCount "30"]
[EventDate "2003.10.18"]
[EventType "team"]
[EventRounds "11"]
[EventCountry "ENG"]
[SourceTitle "EXT 2005"]
[Source "ChessBase"]
[SourceDate "2004.11.15"]
[SourceVersion "1"]
[SourceVersionDate "2004.11.15"]
[SourceQuality "1"]
[WhiteTeam "Micro Mark NWE"]
[BlackTeam "Wood Green II"]
[WhiteTeamCountry "ENG"]
[BlackTeamCountry "ENG"]

1. e4 c5 2. d4 cxd4 3. c3 dxc3 4. Nxc3 Nc6 5. Nf3 d6 6. Bc4 a6 7. 0-0 e6 8. Qe2 b5 9. Bb3 Ra7 10. Be3 Rd7 11. Nxb5 axb5 12. Qxb5 Bb7 13. Ba4 Nge7 14. Nd4 e5 15. Nf5 Nxf5 1/2-1/2

[Event "BCF-chT 0304 (4NCL)"]
[Site "West Bromwich"]
[Date "2004.05.01"]
[Round "7.6"]
[White "Tan, Desmond"]
[Black "Flear, Glenn C"]
[Result "0-1"]
[WhiteElo "2332"]
[BlackElo "2489"]
[PlyCount "72"]
[EventDate "2003.10.18"]
[EventType "team"]
[EventRounds "11"]
[EventCountry "ENG"]
[SourceTitle "EXT 2005"]
[Source "ChessBase"]
[SourceDate "2004.11.15"]
[SourceVersion "1"]
[SourceVersionDate "2004.11.15"]
[SourceQuality "1"]
[WhiteTeam "Wood Green II"]
[BlackTeam "Guildford"]
[WhiteTeamCountry "ENG"]
[BlackTeamCountry "ENG"]

1. e4 e5 2. Nf3 Nc6 3. Bb5 a6 4. Ba4 Nf6 5. 0-0 Be7 6. Re1 b5 7. Bb3 d6 8. c3 0-0 9. d3 Na5 10. Bc2 c5 11. Nbd2 Re8 12. Nf1 Bb7 13. Ng3 Bf8 14. a3 h6 15. d4 cxd4 16. cxd4 exd4 17. Nxd4 g6 18. b4 Nc4 19. a4 Qd7 20. axb5 axb5 21. Rxa8 Bxa8 22. Qf3 Bg7 23. Nb3 Nd5 24. Rd1 Nxb4 25. Bb1 Qa7 26. h4 h5 27. Bf4 Na2 28. Bxd6 Nxd6 29. Rxd6 Nc3 30. Bc2 Qe7 31. Rd3 b4 32. Qf4 Be5 33. Qd2 Qxh4 34. Nc5 Bf4 35. Qe1 Qg5 36. Bb3 Qxc5 0-1

[Event "BCF-chT 0304 (4NCL)"]
[Site "West Bromwich"]
[Date "2003.10.18"]
[Round "1.4"]
[White "Tan, Desmond"]
[Black "Purton, Benjamin"]
[Result "1-0"]
[WhiteElo "2332"]
[BlackElo "2121"]
[PlyCount "105"]
[EventDate "2003.10.18"]
[EventType "team"]
[EventRounds "11"]
[EventCountry "ENG"]
[SourceTitle "EXT 2005"]
[Source "ChessBase"]
[SourceDate "2004.11.15"]
[SourceVersion "1"]
[SourceVersionDate "2004.11.15"]
[SourceQuality "1"]
[WhiteTeam "Wood Green II"]
[BlackTeam "Slough"]
[WhiteTeamCountry "ENG"]
[BlackTeamCountry "ENG"]

1. e4 d6 2. d4 Nf6 3. Nc3 c6 4. h3 Nbd7 5. Nf3 e5 6. a4 Be7 7. Bc4 0-0 8. Qe2 exd4 9. Nxd4 d5 10. exd5 cxd5 11. Bb3 Bc5 12. Qd1 Re8+ 13. Be3 Bb4 14. 0-0 Bxc3 15. bxc3 Nc5 16. Qf3 Nxb3 17. cxb3 Ne4 18. Rac1 a6 19. Rfd1 Bd7 20. Ne2 Qf6 21. Qxf6 Nxf6 22. Nf4 Bc6 23. Bd4 Ne4 24. f3 Ng3 25. Kf2 g5 26. Kxg3 gxf4+ 27. Kxf4 Re2 28. Re1 Rxg2 29. Rg1 Rg6 30. h4 f6 31. Rxg6+ hxg6 32. Bxf6 Kf7 33. Be5 Re8 34. Rg1 Rf8 35. Ke3 Bd7 36. Kd4 Re8 37. Rg5 Bc6 38. f4 Rg8 39. Kc5 Rc8 40. Kb6 Rg8 41. Rg1 Re8 42. Ra1 Re6 43. Kc5 Ke7 44. b4 b6+ 45. Kd4 Bb7 46. b5 axb5 47. axb5 Kd7 48. Rg1 Ke8 49. Rg5 Kd7 50. h5 gxh5 51. Rxh5 Re7 52. Rh6 Re6 53. Rh7+ 1-0

[Event "BCF-chT 0203 (4NCL)"]
[Site "West Bromwich"]
[Date "2003.05.05"]
[Round "11.6"]
[White "Tan, Desmond"]
[Black "Lyell, Mark"]
[Result "1-0"]
[WhiteElo "2307"]
[BlackElo "2242"]
[PlyCount "81"]
[EventDate "2002.11.??"]
[EventType "team"]
[EventRounds "11"]
[EventCountry "ENG"]
[SourceTitle "EXT 2004"]
[Source "ChessBase"]
[SourceDate "2003.11.25"]
[SourceVersion "1"]
[SourceVersionDate "2003.11.25"]
[SourceQuality "1"]
[WhiteTeam "Wood Green II"]
[BlackTeam "The ADS"]
[WhiteTeamCountry "ENG"]
[BlackTeamCountry "ENG"]

1. e4 e5 2. Nf3 Nc6 3. Bb5 f5 4. Nc3 fxe4 5. Nxe4 Nf6 6. Qe2 d5 7. Nxf6+ gxf6 8. d4 Bg7 9. dxe5 0-0 10. Bxc6 bxc6 11. e6 Qd6 12. 0-0 c5 13. Rd1 f5 14. c3 Ba6 15. Qd2 c6 16. Qf4 Qxe6 17. Re1 Qg6 18. Be3 Qg4 19. Qc7 Rf7 20. Qa5 Bd3 21. h3 Qh5 22. Qxc5 Be4 23. Nd2 Bxg2 24. Kxg2 f4 25. Bd4 f3+ 26. Kh2 Qg5 27. Rg1 Qxd2 28. Qd6 Re8 29. Rad1 Qe2 30. Qh6 Ree7 31. Qxc6 Qe4 32. Qc8+ Re8 33. Qg4 Qxg4 34. Rxg4 Kf8 35. Rxg7 Rxg7 36. Bxg7+ Kxg7 37. Rxd5 Re2 38. Kg3 Rxb2 39. Rd7+ Kf6 40. Rxa7 Rc2 41. Ra3 1-0

[Event "BCF-chT 0203 (4NCL)"]
[Site "West Bromwich"]
[Date "2003.05.04"]
[Round "10.6"]
[White "Trent, Lawrence"]
[Black "Tan, Desmond"]
[Result "1-0"]
[WhiteElo "2257"]
[BlackElo "2307"]
[PlyCount "53"]
[EventDate "2002.11.??"]
[EventType "team"]
[EventRounds "11"]
[EventCountry "ENG"]
[SourceTitle "EXT 2004"]
[Source "ChessBase"]
[SourceDate "2003.11.25"]
[SourceVersion "1"]
[SourceVersionDate "2003.11.25"]
[SourceQuality "1"]
[WhiteTeam "Barbican II"]
[BlackTeam "Wood Green II"]
[WhiteTeamCountry "ENG"]
[BlackTeamCountry "ENG"]

1. d4 Nf6 2. Bg5 e6 3. e4 h6 4. Bxf6 Qxf6 5. Qd2 d5 6. Nc3 c6 7. 0-0-0 Bb4 8. e5 Qd8 9. a3 Be7 10. f4 a5 11. Nf3 b5 12. a4 Bb4 13. Qe3 Bxc3 14. Qxc3 bxa4 15. h4 Qb6 16. Rh3 Ba6 17. Rg3 0-0 18. f5 exf5 19. Qe3 Kh8 20. e6 f6 21. e7 Re8 22. Ne5 Ra7 23. Rxg7 Kxg7 24. Qg3+ Kh8 25. Nf7+ Kh7 26. h5 Rg8 27. e8Q 1-0

[Event "BCF-chT 0203 (4NCL)"]
[Site "West Bromwich"]
[Date "2003.05.03"]
[Round "9.6"]
[White "Tan, Desmond"]
[Black "Yastrebov, Alexander"]
[Result "1-0"]
[WhiteElo "2307"]
[BlackElo "2207"]
[PlyCount "69"]
[EventDate "2002.11.??"]
[EventType "team"]
[EventRounds "11"]
[EventCountry "ENG"]
[SourceTitle "EXT 2004"]
[Source "ChessBase"]
[SourceDate "2003.11.25"]
[SourceVersion "1"]
[SourceVersionDate "2003.11.25"]
[SourceQuality "1"]
[WhiteTeam "Wood Green II"]
[BlackTeam "PYO"]
[WhiteTeamCountry "ENG"]
[BlackTeamCountry "ENG"]

1. e4 c5 2. Nc3 Nc6 3. Nf3 e5 4. Bc4 d6 5. d3 Be7 6. 0-0 Bg4 7. h3 Bh5 8. Nd5 Qd7 9. c3 Bg6 10. a3 f5 11. exf5 Bxf5 12. Re1 Bf6 13. b4 Nge7 14. bxc5 dxc5 15. Nxe7 Qxe7 16. g4 Bd7 17. g5 Bxh3 18. gxf6 gxf6 19. Ng5 Bf5 20. Qf3 Bg6 21. Ne6 Nd8 22. Nxd8 Rxd8 23. Rb1 Rb8 24. Bh6 Bf7 25. Bxf7+ Qxf7 26. Kh2 Rg8 27. d4 Kd8 28. dxe5 f5 29. Rbd1+ Kc8 30. Rg1 Rg6 31. Rxg6 hxg6 32. Kg2 Qc4 33. Bf4 g5 34. Bxg5 Kc7 35. Qf4 1-0

[Event "BCF-chT 0203 (4NCL)"]
[Site "West Bromwich"]
[Date "2003.01.18"]
[Round "3.6"]
[White "Tan, Desmond"]
[Black "Collier, David"]
[Result "1-0"]
[WhiteElo "2307"]
[BlackElo "2273"]
[PlyCount "39"]
[EventDate "2002.11.??"]
[EventType "team"]
[EventRounds "11"]
[EventCountry "ENG"]
[SourceTitle "EXT 2004"]
[Source "ChessBase"]
[SourceDate "2003.11.25"]
[SourceVersion "1"]
[SourceVersionDate "2003.11.25"]
[SourceQuality "1"]
[WhiteTeam "Wood Green II"]
[BlackTeam "Bristol"]
[WhiteTeamCountry "ENG"]
[BlackTeamCountry "ENG"]

1. e4 c5 2. Nc3 Nc6 3. Nf3 e5 4. Bc4 d6 5. d3 Be7 6. 0-0 Nf6 7. Ng5 0-0 8. f4 exf4 9. Bxf4 Ne5 10. Bxe5 dxe5 11. Kh1 h6 12. Nf3 Qd6 13. Qe1 Nh5 14. Nd5 g6 15. Qc3 Nf4 16. Nxe7+ Qxe7 17. Nxe5 Qg5 18. Rxf4 Qxf4 19. Nxg6 Qf2 20. Qh8# 1-0

[Event "BCF-chT 0203 (4NCL)"]
[Site "West Bromwich"]
[Date "2002.11.23"]
[Round "1.7"]
[White "Tan, Desmond"]
[Black "De Coverly, Roger D"]
[Result "1-0"]
[WhiteElo "2307"]
[BlackElo "2113"]
[PlyCount "53"]
[EventDate "2002.11.??"]
[EventType "team"]
[EventRounds "11"]
[EventCountry "ENG"]
[SourceTitle "EXT 2004"]
[Source "ChessBase"]
[SourceDate "2003.11.25"]
[SourceVersion "1"]
[SourceVersionDate "2003.11.25"]
[SourceQuality "1"]
[WhiteTeam "Wood Green II"]
[BlackTeam "Slough"]
[WhiteTeamCountry "ENG"]
[BlackTeamCountry "ENG"]

1. e4 e5 2. Nf3 Nc6 3. Bb5 a6 4. Ba4 Nf6 5. 0-0 Be7 6. Re1 b5 7. Bb3 d6 8. c3 0-0 9. d3 Na5 10. Bc2 c5 11. Nbd2 Re8 12. Nf1 g6 13. Bg5 Ng4 14. Bd2 f5 15. b4 Nb7 16. Bb3+ Kg7 17. exf5 gxf5 18. h3 Nh6 19. Bd5 Rb8 20. bxc5 Nxc5 21. d4 Nd7 22. dxe5 Nxe5 23. Nxe5 dxe5 24. Rxe5 Bf6 25. Rxe8 Qxe8 26. Qf3 Nf7 27. Qg3+ 1-0